Monitoring and control of macrofouling mollusks in fresh water systems

"Upon its initial publication more than fifteen years ago, this book broke new ground with its comprehensive coverage of the biology and ecology, distribution and dispersal mechanisms, physiology, monitoring, negative and positive impacts, and control of aquatic invasive species of mussels, cla...

Πλήρης περιγραφή

Αποθηκεύτηκε σε:
Λεπτομέρειες βιβλιογραφικής εγγραφής
Κύριος συγγραφέας: Mackie, Gerald L.
Άλλοι συγγραφείς: Claudi, Renata
Μορφή: Βιβλίο
Γλώσσα:English
Δημοσίευση: Boca Raton, FL : CRC Press, c2010
Έκδοση:2η έκδ.
Θέματα:
Ετικέτες: Προσθήκη ετικέτας
Δεν υπάρχουν, Καταχωρήστε ετικέτα πρώτοι!

MARC

LEADER 00000nam a2200000 i 4500
001 1/52741
008 140806s2013 eng d
020 |a 978-1-4665-9513-2 
035 |l 10118555 
040 |a GR-MY-UA  |b gre  |e aacr 
041 0 |a eng 
082 0 |a 594.3  |2 (23) 
100 1 |a Mackie, Gerald L. 
245 1 0 |a Monitoring and control of macrofouling mollusks in fresh water systems /  |c Gerald L. Mackie, Renata Claudi 
250 |a 2η έκδ. 
260 |a Boca Raton, FL :   |b CRC Press,   |c c2010 
300 |a xxxiii, 508 σ.;  |b εικ.;  |c 25 εκ. 
504 |a Περιλαμβάνει βιβλιογραφικές αναφορές (σ. 413-493) και ευρετήριο 
505 0 |a Biology -- Distribution, dispersal potential, and dispersal mechanisms -- Using physiological and ecological requirements and environmental tolerances for assessing risk of invasion -- Monitoring: searching, finding, and interpreting -- Impacts of macrofoulers on man-made structures -- Ecological, socio-economic, and beneficial impacts of aquatic invasive mollusks -- Weapons of mollusk destruction -- Domination by chlorination -- Mitigation of aquatic invasive gastropods -- Case studies. 
520 |a "Upon its initial publication more than fifteen years ago, this book broke new ground with its comprehensive coverage of the biology and ecology, distribution and dispersal mechanisms, physiology, monitoring, negative and positive impacts, and control of aquatic invasive species of mussels, clams, and snails. Building on this foundation, the second edition of Monitoring and Control of Macrofouling Mollusks in Fresh Water Systems includes completely revised information on species such as the zebra mussel while also covering up-and-coming nuisance species such as the quagga mussel, Conrad's false mussel, the Asian clam, and the fast-spreading golden mussel. The book contains brief descriptions of the external and internal structures, examining only those features relevant to the monitoring and control of the invasive species. It discusses why the mollusks are pests, distinguishing nuisance species from native species, their habits and habitat, reproductive potential, and life cycles and population dynamics. The authors also explain how efficient dispersal mechanisms employed by the nuisance mollusks not only help them spread so rapidly to inland lakes and rivers across continents, but how they can invade virtually every part of a facility."--Publisher's description. 
650 0 0 |a Gastropoda  |x Monitoring  |z North America. 
650 0 0 |a Bivalves  |x Monitoring  |z North America. 
650 0 0 |a Freshwater ecology. 
650 0 0 |a Marine fouling organisms  |x Control. 
700 1 |a Claudi, Renata. 
852 |a INST  |b LESVOS  |e 20140806  |h 594.3 MAC  |p 005100054420  |q 005100054420  |t BK  |y 0 
901 |a BIBL1-2014-2 
909 |a Λ  |b 189428 
922 |a 1ΕΛΗ  |b 201406  |c ΤΕΘ  |d ΔΙΑΔΡΟΜΕΣ 
970 |a ΤΖΑΦΕΡΗ  |b ΕΥΑΓΓΕΛΙΑ  |z 2014/08/05